Countries to US States (Population) - Statistics

General Stats
  • This quiz has been taken 4 times
  • The average score is 11 of 39
Answer Stats
Country State % Correct
Armenia* Arkansas | Mississippi | Kansas
100%
Canada California
75%
Trinidad and Tobago* New Hampshire | Maine
75%
Solomon Islands Alaska
50%
Bahrain Hawaii
50%
Azerbaijan Michigan
50%
Latvia* Nebraska | Idaho
50%
Djibouti* Rhode Island | Delaware
50%
Ghana Texas
50%
Ireland Alabama
25%
Paraguay Arizona
25%
Eritrea Connecticut
25%
Burkina Faso Florida
25%
Cuba Georgia
25%
Burundi Illinois
25%
El Salvador Indiana
25%
Oman* Louisiana | Kentucky
25%
Central African Republic Minnesota
25%
Republic of the Congo* Missouri | Maryland
25%
Eswatini Montana
25%
Belarus New Jersey
25%
Slovenia New Mexico
25%
Zambia New York
25%
Dominican Republic North Carolina
25%
Bhutan North Dakota
25%
Haiti Ohio
25%
Guinea Pennsylvania
25%
Cyprus South Dakota
25%
Bosnia and Herzegovina* Utah | Iowa | Nevada
25%
Luxembourg Vermont
25%
Denmark* Wisconsin | Colorado
25%
Suriname Wyoming
25%
Croatia Oklahoma
0%
Mauritania Oregon
0%
Costa Rica South Carolina
0%
Kyrgyzstan* Tennessee | Massachusetts
0%
Sierra Leone Virginia
0%
Togo Washington
0%
Kosovo West Virginia
0%
No matching quizzes found
Score Distribution
Percent of People with Each Score
Percentile by Number Answered
Your Score History
You have not taken this quiz